000 00282nam a2200109Ia 4500
008 220204s9999 xx 000 0 und d
082 _a065
_bSKI
100 _aSkinner, Wickham
245 0 _aManufacture in the corporate strategy
260 _aNew York
_bJohn Wiley
_c1978
942 _cBK
999 _c29868
_d29868